| 000 | 00657nam a2200241Ia 4500 | ||
|---|---|---|---|
| 999 |
_c54402 _d54402 |
||
| 001 | 21458 | ||
| 003 | GE_BSU | ||
| 005 | 20240328100928.0 | ||
| 008 | 181216s2016||||enk|||||||||||||| ||eng|| | ||
| 020 | _a9780486652412 | ||
| 040 | _cGE_BSU | ||
| 080 | _a519.876.5 H-20 | ||
| 100 |
_aHamming, R. W. _912902 |
||
| 245 |
_aNumerical Methods for Scientists and Engineers / _cR. W. Hamming. |
||
| 250 | _aSecond edition | ||
| 260 | _aNew York | ||
| 264 |
_aNew York : _bDover Publications, INC _c2016. |
||
| 300 |
_a721 p.; _b22 cm. |
||
| 541 | _h53 Gel. | ||
| 653 | _aМатематика | ||
| 653 | _aმათემატიკა | ||
| 942 |
_cBK _2udc |
||